000 00938nac a22002891i 4500
003 EG-ScBUE
005 20241106103131.0
008 241106t2001 nyu f b 001 0 eng d
020 _a0387950168 (hc : alk. paper)
020 _a9780387950167
040 _aEG-ScBUE
_beng
_erda
_cEG-ScBUE
_dEG-ScBUE
082 0 4 _a519.2
_bSTE
_222
100 1 _aSteele, J. Michael,
_eauthor.
245 1 0 _aStochastic calculus and financial applications /
_cJ. Michael Steele.
264 1 _aNew York :
_bSpringer,
_c[2001]
264 4 _cc2001
300 _aix, 300 pages ;
_c25 cm.
336 _2rdacontent
_atext
_btxt
337 _aunmediated
_2rdamedia
_bn
338 _avolume
_bnc
_2rdacarrier
490 0 _aApplications of mathematics ;
_v45
504 _aIncludes bibliographical references and index.
650 7 _aStochastic analysis,
_2BUEsh
650 7 _aBusiness mathematics.
_2BUEsh
655 _vReading book
942 _cBB
_2ddc
999 _c1240
_d1240